000 00762nam a22002057a 4500
999 _c11817
_d11817
003 AR-CdUCM
008 190405b ||||| |||| 00| 0 spa d
040 _aMUNICIPALIDAD PROVINCIAL DEL CUSCO
_cBIBLIOTECA MUNICIPAL DEL CUSCO
082 _a980.03 /
_bCH82 / 1957
100 _aChoy, Emilio
_923599
245 _aTrasfondo económico en la conquista Española a América /
260 _aLima :
_bCIP,
_c1957.
300 _a59 páginas ;
_c24 cm.
505 _aLa España que realizo el descubrimiento -- Lucha entre incipiente burguesía y el feudalismo -- Como explotaba el encomendero al indio...
650 _aEconomía.
_9382
650 _aConquista.
_91045
650 _aInvasión Española.
_92876
942 _2ddc
_cLIBROS
945 _awfj
_d2019-04-05